Statistics for Countries without Vowels #1

Click here to take the quiz!

General Stats

  • This quiz has been taken 34 times
  • The average score is 23 of 25

Answer Stats

PistaPaís% Correct
C_P_ V_RD_Cape Verde
100%
J_RD_NJordan
100%
K_NY_Kenya
100%
M_RSH_LL _SL_NDSMarshall Islands
100%
N_P_LNepal
100%
B_L_V__Bolivia
97%
B_LG_R__Bulgaria
97%
CR__T__Croatia
97%
D_M_N_C_N R_P_BL_CDominican Republic
97%
G_RM_NYGermany
97%
M_LD_V_SMaldives
97%
M_X_C_Mexico
97%
M_N_C_Monaco
97%
S__NT L_C__Saint Lucia
97%
L__CHT_NST__NLiechtenstein
93%
N_C_R_G__Nicaragua
93%
T_J_K_ST_NTajikistan
93%
V_N__T_Vanuatu
93%
_ND_RR_Andorra
90%
_ST_N__Estonia
90%
S_R__Syria
90%
S_R_N_M_Suriname
87%
B_LG__MBelgium
83%
_RG_NT_N_Argentina
80%
G__N__Guinea
77%

Score Distribution

Percentile by Number Answered

Percent of People with Each Score

Your Score History

You have not taken this quiz